000 00775nam a2200217 i 4500
003 IT-RoINE
005 20200721081218.0
008 900725s1956 sp |r spa d
040 _aSpMaBN
_bspa
_cA2 IT-RoINE
_dIT-RoINE
245 1 0 _aAutobiografías de soldados :
_b(Siglo XVII) /
_cedición y estudio preliminar del ... D. José Mª de Cossío.
260 _aMadrid :
_bAtlas,
_c1956.
300 _aXXX, 631 p. ;
_c26 cm.
336 _2rdacontent
_atext
337 _2rdamedia
_aunmediated
338 _2rdacarrier
_avolume
490 1 1 _aBiblioteca de autores españoles ;
_v90
650 4 _916640
_aMilitares
_zEspaña
_ySiglo 17o.
_xBiografías
700 1 _aCossío, José María de,
_d1893-1977
_916641
830 0 _912318
_aBiblioteca de autores españoles
942 _cMTS
999 _c8049
_d8049